3rd World Countries - Sudden Death - Statistics

General Stats
  • This quiz has been taken 177 times
  • The average score is 14 of 16
Answers on the Grid
Answers color-coded by a green-red scale on the quiz's grid according to % correct below.
United States
Bangladesh
Canada
Germany
Chad
Djibouti
Brazil
Haiti
Lesotho
Ethiopia
China
Japan
Myanmar
Rwanda
Mozambique
Italy
France
Mexico
Zambia
Solomon Islands
Sweden
Russia
South Sudan
Burkina Faso
Australia
Belgium
Gambia
Netherlands
Liberia
Malawi
 
Answer Stats
Answer % Correct
South Sudan
90%
Bangladesh
89%
Djibouti
89%
Lesotho
89%
Liberia
89%
Mozambique
89%
Zambia
89%
Burkina Faso
88%
Haiti
88%
Rwanda
88%
Chad
87%
Gambia
87%
Ethiopia
86%
Malawi
86%
Myanmar
83%
Solomon Islands
77%
No matching quizzes found
Score Distribution
Percent of People with Each Score
Percentile by Number Answered
Your Score History
You have not taken this quiz